000 00791nam a2200169Ia 4500
008 100122s9999 xx 000 0 und d
082 _b47889
_a808.5
100 _aचव्हाण यशवंतराव
245 _aयशवंतराव चव्हाण विधिमंडळातील निवडक भाषणे खंड - 1
250 _a1
260 _bपी.बी.पाटील
_c1989
300 _a311
630 _aयशवंतराव चव्हाण विधिमंडळातील निवडक भाषणे खंड - 1
700 _aखोबरेकर वि गो
730 _aयशवंतराव चव्हाण विधिमंडळातील निवडक भाषणे खंड - 1
942 _cBOOK
999 _c426651
_d426648